Fr. Conceicao Rodrigues College of Engineering

Technical Writing (Record no. 33124)

MARC details
000 -LEADER
fixed length control field 00370nam a2200169Ia 4500
082 ## - DEWEY DECIMAL CLASSIFICATION NUMBER
Classification number 372.6/BAS
Item number BAS
100 ## - MAIN ENTRY--PERSONAL NAME
Personal name Basu/B.N
245 ## - TITLE STATEMENT
Title Technical Writing
260 ## - PUBLICATION, DISTRIBUTION, ETC.
Name of publisher, distributor, etc. Prentice Hall of India
Place of publication, distribution, etc. New Delhi
Date of publication, distribution, etc. 2007
366 ## - TRADE AVAILABILITY INFORMATION
Publishers's discount category 20
300 ## - PHYSICAL DESCRIPTION
Extent 151
546 ## - LANGUAGE NOTE
Language note ENGLISH
650 ## - SUBJECT ADDED ENTRY--TOPICAL TERM
Topical term or geographic name entry element Technical Writing
654 ## - SUBJECT ADDED ENTRY--FACETED TOPICAL TERMS
Focus term technical writing
942 ## - ADDED ENTRY ELEMENTS (KOHA)
Koha item type BOOK
Holdings
Withdrawn status Lost status Damaged status Not for loan Collection Home library Current library Date acquired Source of acquisition Cost, normal purchase price Inventory number Total Checkouts Full call number Barcode Date last seen Cost, replacement price Price effective from Koha item type
        CRC Fr. Agnel's C.Rodrigues College of Engineering Fr. Agnel's C.Rodrigues College of Engineering 17/03/2023 Professional Book House. 155.00 563 dt 25/03/2008   372.6/BAS BAS 18574 17/03/2023 175.00   BOOK